000 00763nam a22002177a 4500
999 _c5076
_d5076
003 AR-CdUCM
008 190311b ||||| |||| 00| 0 spa d
040 _aMUNICIPALIDAD PROVINCIAL DEL CUSCO
_cBIBLIOTECA MUNICIPAL DEL CUSCO
082 _a869.40 /
_bB66
110 _aMinisterio de educación y bellas artes
_915470
245 _aAntología de cuentos /
260 _aLa Paz :
_bDepartamento de publicaciones y difusión cultural,
_c1958.
300 _a132 paginas ;
_c18 cm.
440 _aCuadernos juveniles
_n8
_915471
500 _aDedicatoria
505 _aHistoria gris del tata limachi -- La pascua florida -- si el amor se hace de la nada ...
650 _acuentos bolivianos
_94549
650 _aSiglo XX.
_98
942 _2ddc
_cLIBROS
945 _aacv